Thực vật học phần phần loại. /

Enregistré dans:
Détails bibliographiques
Auteur principal: Hoàng Thị Sản.
Autres auteurs: Phan Nguyên Hồng.
Format: Sách giấy
Langue:Vietnamese
Publié: H. : Giáo dục, 1986.
Tags: Ajouter un tag
Pas de tags, Soyez le premier à ajouter un tag!
Thư viện lưu trữ: Thư viện Trường Đại học Đà Lạt
LEADER 00672nam a2200277 4500
001 DLU110122975
005 ##20110727
040 # # |a DLU  |b vie 
041 # # |a vie 
044 # # |a vn 
082 # # |a 581.012  |b HO-S 
100 # # |a Hoàng Thị Sản. 
245 # # |a Thực vật học phần phần loại. /  |c Hoàng Thị Sản, Phan Nguyên Hồng. 
260 # # |a H. :  |b Giáo dục,  |c 1986. 
300 # # |a 219 tr. ;  |c 27 cm. 
700 # # |a Phan Nguyên Hồng. 
991 # # |a SH 
992 # # |a 1500 
994 # # |a DLU 
900 # # |a True 
911 # # |a Trương Thị Mỹ Lệ 
925 # # |a G 
926 # # |a A 
927 # # |a SH 
980 # # |a Thư viện Trường Đại học Đà Lạt